00642nam a2200193Ia 450000100060000000800390000608200110004524500640005625000120012026000410013230000180017365300220019165300160021365300130022970000310024294200120027395201460028599900170043156867130730n ii |||gr||||Z||||||asm a491.41 0aUpabhasa Bijnanar BhumikacRamesh PathakhTextual Documents a2nd ed. aGuwahati:bAshok Book Stall.,c2011. a178pg:c19cm. aAssamese language aG- Assamese aLanguage aPathak, Ramesh ,eAuthor., 2ddccBK 001040708General aSKBLbSKBLcG- Assamesed2013-07-30f00000g90.00l0o491.41 Pa 273 Upp6120/Asr2024-01-14 00:00:00t1w2013-07-30yBK c56786d56786